LEADER 02896nam 2200433 450 001 9910466706203321 005 20200120134227.0 010 $a2-335-05492-9 035 $a(CKB)3790000000023000 035 $a(EBL)2085486 035 $a(MiAaPQ)EBC2085486 035 $a(Au-PeEL)EBL2085486 035 $a(OCoLC)914152211 035 $a(EXLCZ)993790000000023000 100 $a20200120d2015 uy 0 101 0 $afre 135 $aur|n|---||||| 181 $ctxt$2rdacontent 182 $cc$2rdamedia 183 $acr$2rdacarrier 200 10$aAlfred de Vigny et son temps $eSes origines maternelles, ses amours, ses amities litteraires, ses idees politiques, sa religion /$fLeon Seche 210 1$a[Place of publication not identified] :$cLigaran,$d2015. 215 $a1 online resource (439 p.) 300 $aDescription based upon print version of record. 327 $aCouverture; Page de Copyright; Page de titre; Lettre-Pre?face; LIVRE PREMIER - Les origines maternelles d'Alfred de Vigny; I; II; III; LIVRE II - Les amours d'Alfred de Vigny; CHAPITRE PREMIER - Delphine Gay; I; II; III; IV; V; VI; CHAPITRE II - Lydia de Bunbury; I; II; III; IV; CHAPITRE III - Marie Dorval; I; II; III; IV; V; VI; Post-Scriptum; I; II; III; IV; LIVRE III - Les amitie?s litte?raires d'Alfred de Vigny; CHAPITRE PREMIER - Victor Hugo; Victor Hugo; CHAPITRE II - Sainte-Beuve; I; II; III; IV; V; VI; CHAPITRE III - Brizeux. - Auguste Barbier. - Turquety. Boulay-Paty; I; II 327 $aCHAPITRE IV - Emile Pe?hant. - Pitre-Chevalier. - Le?on De Wailly. Ponsard. - Victor de LapradeI; II; III; IV; CHAPITRE V - Camilla Maunoir et Fe?lix Bungener; I; II; III; CHAPITRE VI - Louise-Edme?e Ancelot; I; II; III; IV; LIVRE IV - Les Ide?es politiques d'Alfred de Vigny; II; III; IV; LIVRE V - La religion d'Alfred de Vigny; I; II; III; IV; LIVRE VI - Le manoir du Maine-Giraud; I; II; III; IV 330 $a Extrait : ""Alfred de Vigny qui dans son Journal s'est e?tendu si longtemps sur la ge?ne?alogie et les parchemins de la famille de son pe?re, n'a rien dit ou presque rien des origines et des titres de noblesse de sa famille maternelle. C'est a? peine s'il consacre dix lignes a? son ai?eul, le ve?ne?rable marquis de Baraudin, qui fut chef d'escadre dans la marine de Louis XVI. Encore est-ce uniquement pour nous apprendre que « ce vieux capitaine de dix vaisseaux, que les combats... »""A? PROPOS DES E?DITIONS LIGARANLes e?ditions LIGARAN proposent des versions nume?riques de qualite? de grands livres de la l 606 $aFrench literature 608 $aElectronic books. 615 0$aFrench literature. 676 $a840.8 700 $aSeche$b Leon$0392199 801 0$bMiAaPQ 801 1$bMiAaPQ 801 2$bMiAaPQ 906 $aBOOK 912 $a9910466706203321 996 $aAlfred de Vigny et son temps$92077024 997 $aUNINA LEADER 03382nam 22006613u 450 001 9910461485003321 005 20210113114526.0 010 $a1-60344-482-3 035 $a(CKB)2670000000149949 035 $a(EBL)1132626 035 $a(OCoLC)829459949 035 $a(MiAaPQ)EBC1132626 035 $a(EXLCZ)992670000000149949 100 $a20130418d2011|||| u|| | 101 0 $aeng 200 10$aAfrican Americans in South Texas History$b[electronic resource] 210 $aCollege Station $cTexas A&M University Press$d2011 215 $a1 online resource (373 p.) 225 1 $aPerspectives on South Texas, sponsored by Texas A&M University-Kingsville 300 $aDescription based upon print version of record. 311 $a1-60344-229-4 327 $aContents; Foreword; Acknowledgments; Introduction; Defending the Unnecessary; Just Southwest of Dixie; "Wantonly Maltreated and Slain,Simply Because They Are Free"; After Emancipation; The Forging of the African American Community in Corpus Christi, Texas,1865-1900; Lola and Leon Houck versus the Southern Pacific Railway Company; The Colored Trainmen of America; Divided We Stand; Maury Maverick and Racial Politics in San Antonio, Texas, 1938-1941; The Houston Eagles and the End of the Negro Leagues; Corpus Christi's Galvan Ballroom; Racial Change on the Southern Periphery 327 $a"A Pearl of Great Price"Blacks in South Texas; Contributors; Permissions; Index 330 $aThe history of South Texas is more racially and ethnically complex than many people realize. As a border area, South Texas has experienced some especially interesting forms of racial and ethnic intersection, influenced by the relatively small number of blacks (especially in certain counties), the function and importance of the South Texas cattle trade, proximity to Mexico, and the history of anti-black violence. The essays in African Americans in South Texas History give insight into this fascinating history.The articles in this volume, written over a span of almost th 410 0$aPerspectives on south Texas. 606 $aAfrican Americans -- Texas, South -- History 606 $aTexas -- Race relations 606 $aTexas -- Social conditions 606 $aTexas, South -- Race relations 608 $aElectronic books. 615 4$aAfrican Americans -- Texas, South -- History. 615 4$aTexas -- Race relations. 615 4$aTexas -- Social conditions. 615 4$aTexas, South -- Race relations. 676 $a305.896 676 $a305.8960730764 700 $aGlasrud$b Bruce A$0865808 701 $aWintz$b Cary D$0991207 701 $aKnight$b Larry P$0991208 701 $aHowell$b Kenneth W$0281035 701 $aKosary$b Rebecca$0991209 701 $aMassey$b Sara R$0991210 701 $aWood$b Rue$0991211 701 $aSumler-Edmond$b Janice L$0915789 701 $aBorrer$b Jennifer$0991212 701 $aByerly$b Edward$0991213 701 $aDoyle$b Judith Kaaz$0991214 701 $aFink$b Rob$0991215 701 $aLouzon$b David$0991216 701 $aGoldberg$b Robert A$0991217 701 $aPassty$b Jeanette Nyda$0991218 801 0$bAU-PeEL 801 1$bAU-PeEL 801 2$bAU-PeEL 906 $aBOOK 912 $a9910461485003321 996 $aAfrican Americans in South Texas History$92268245 997 $aUNINA LEADER 01287aam 2200397I 450 001 9910710281003321 005 20160121100808.0 024 8 $aGOVPUB-C13-df843d7a23fc0425b2688677fb3f3c5c 035 $a(CKB)5470000002476474 035 $a(OCoLC)935499380 035 $a(EXLCZ)995470000002476474 100 $a20160121d1980 ua 0 101 0 $aeng 181 $2rdacontent 182 $2rdamedia 183 $2rdacarrier 200 10$aContainer board $ereport no. 127 /$fT. L. Cummings; J. Horlick 210 1$aGaithersburg, MD :$cU.S. Dept. of Commerce, National Institute of Standards and Technology,$d1980. 215 $a1 online resource 225 1 $aNBSIR ;$v80-1836 300 $a1980. 300 $aContributed record: Metadata reviewed, not verified. Some fields updated by batch processes. 300 $aTitle from PDF title page. 320 $aIncludes bibliographical references. 517 $aContainer board 700 $aCummings$b T. L$01386493 701 $aCummings$b T. L$01386493 701 $aHorlick$b J$01386491 712 02$aUnited States.$bNational Bureau of Standards. 801 0$bNBS 801 1$bNBS 801 2$bGPO 906 $aBOOK 912 $a9910710281003321 996 $aContainer board$93443812 997 $aUNINA LEADER 02071nam 2200433z- 450 001 9910637791403321 005 20231214133645.0 010 $a3-0365-5662-1 035 $a(CKB)5470000001631622 035 $a(oapen)https://directory.doabooks.org/handle/20.500.12854/94519 035 $a(EXLCZ)995470000001631622 100 $a20202212d2022 |y 0 101 0 $aeng 135 $aurmn|---annan 181 $ctxt$2rdacontent 182 $cc$2rdamedia 183 $acr$2rdacarrier 200 10$aCyber Security and Critical Infrastructures 2nd Volume 210 $aBasel$cMDPI - Multidisciplinary Digital Publishing Institute$d2022 215 $a1 electronic resource (326 p.) 311 $a3-0365-5661-3 330 $aThe second volume of the book contains the manuscripts that were accepted for publication in the MDPI Special Topic "Cyber Security and Critical Infrastructure" after a rigorous peer-review process. Authors from academia, government and industry contributed their innovative solutions, consistent with the interdisciplinary nature of cybersecurity. The book contains 16 articles, including an editorial that explains the current challenges, innovative solutions and real-world experiences that include critical infrastructure and 15 original papers that present state-of-the-art innovative solutions to attacks on critical systems. 606 $aTechnology: general issues$2bicssc 606 $aHistory of engineering & technology$2bicssc 610 $aCybersecurity 610 $acritical Infrastructures 610 $aprivacy preservation 615 7$aTechnology: general issues 615 7$aHistory of engineering & technology 700 $aMaglaras$b Leandros$4edt$01293296 702 $aJanicke$b Helge$4edt 702 $aFerrag$b Mohamed Amine$4edt 702 $aMaglaras$b Leandros$4oth 702 $aJanicke$b Helge$4oth 702 $aFerrag$b Mohamed Amine$4oth 906 $aBOOK 912 $a9910637791403321 996 $aCyber Security and Critical Infrastructures 2nd Volume$93022533 997 $aUNINA LEADER 02804oam 2200457zu 450 001 9910140945603321 005 20241212220021.0 010 $a9781424479610 010 $a1424479614 035 $a(CKB)2670000000053915 035 $a(SSID)ssj0000451979 035 $a(PQKBManifestationID)12163765 035 $a(PQKBTitleCode)TC0000451979 035 $a(PQKBWorkID)10463766 035 $a(PQKB)11712360 035 $a(NjHacI)992670000000053915 035 $a(EXLCZ)992670000000053915 100 $a20160829d2010 uy 101 0 $aeng 135 $aur||||||||||| 181 $ctxt 182 $cc 183 $acr 200 10$a2010 IEEE Autotestcon 210 31$a[Place of publication not identified]$cIEEE$d2010 215 $a1 online resource $cillustrations 300 $aBibliographic Level Mode of Issuance: Monograph 311 08$a9781424479603 311 08$a1424479606 330 $aDemonstrations of avionics system and subsystem diagnostic capability are performed before a system or subsystem is verified. This ordinarily happens during the system design and demonstration phase of a program. In the case of aircraft or ground vehicles, there are several subsystem demonstrations, followed by a single system-level event. By the time a system or subsystem is ready for a functional demonstration of its diagnostic capability, there is already significant programmatic inertia towards achieving the next programmatic or contractual milestone. There is typically not enough available manpower, time-on-system, or even funding to test every possible fault in a given system or subsystem. Indeed, testing only the "relevant" faults, which the system's diagnostics have been built to address, can be a hugely time-consuming effort. Due to these constraints, diagnostic demonstrations are sometimes not conducted in a scientifically robust manner. Sometimes, certain testing techniques are used in an effort to expedite testing. These techniques include: emulating hardware faults and their detection circuitry in software, selecting only those faults which are easy to test or guaranteed to work, and choosing faults which do not significantly stress the diagnostics system. This paper describes a survey of diagnostic program managers in an attempt to characterize, and suggest remedies for, the time and budget-constrained fashion in which avionics diagnostics systems are functionally demonstrated today. 606 $aAutomatic test equipment$vCongresses 606 $aTesting$xData processing$vCongresses 615 0$aAutomatic test equipment 615 0$aTesting$xData processing 676 $a620.0044 702 $aieee 801 0$bPQKB 906 $aPROCEEDING 912 $a9910140945603321 996 $a2010 IEEE Autotestcon$92545511 997 $aUNINA LEADER 06343oam 2201009 c 450 001 9910372821903321 005 20260302090207.0 010 $a9783839408926 010 $a383940892X 024 7 $a10.14361/9783839408926 035 $a(CKB)3710000000482780 035 $a(OAPEN)1007394 035 $a(DE-B1597)461370 035 $a(OCoLC)1013950014 035 $a(OCoLC)953518996 035 $a(DE-B1597)9783839408926 035 $a(MiAaPQ)EBC5494313 035 $a(Au-PeEL)EBL5494313 035 $a(OCoLC)1049911808 035 $a(transcript Verlag)9783839408926 035 $a(oapen)https://directory.doabooks.org/handle/20.500.12854/31097 035 $a(ScCtBLL)a99990bf-80e3-4562-9e01-a58dbfa1175e 035 $a(oapen)doab31097 035 $a(EXLCZ)993710000000482780 100 $a20260302h20152009 uy 0 101 0 $ager 135 $auuuuu---auuuu 181 $ctxt$2rdacontent 182 $cc$2rdamedia 183 $acr$2rdacarrier 200 00$aFrosch und Frankenstein$eBilder als Medium der Popularisierung von Wissenschaft$fBernd Hüppauf, Peter Weingart 205 $a1st ed. 210 $aBielefeld$ctranscript Verlag$d2015 210 $d2015, c2009 215 $a1 online resource (462) 225 0 $aScience Studies 311 08$a9783899428926 311 08$a3899428927 327 $aFrontmatter 1 Inhalt 5 Wissenschaftsbilder - Bilder der Wissenschaft 11 Die Zirkulation der Bilder zwischen Wissenschaft und O?ffentlichkeit. Ein historiographischer Essay 45 Wissenschaftspopularisierung - Ansa?tze und Konzepte 79 Bildwissenschaft 91 Wissen in Bildern. Zur visuellen Epistemik in Naturwissenschaft und Mathematik 107 Der Frosch im wissenschaftlichen Bild 137 Wissenschaft aus der Ho?lle: Jack the Ripper und die viktorianische Vivisektion 165 Der Wissenschaftler als o?ffentliche Perso?nlichkeit. Die Wissenschaft der Intimita?t im Nadar-Chevreul-Interview (1886) 205 Fotografie und Su?dpolforschung um 1900 233 Visuelle Defuturisierung und O?konomisierung popula?rer Diskurse zur Nanotechnologie 255 Imagination, Multimodalita?t und verko?rperte Interaktion. Eine Ero?rterung von Klang und Bewegung in zwei Fallstudien der Magnetresonanztomografie in Labor und Klinik 281 Neurowissenschaft und zeitgeno?ssische Kunst. Ein Interview 311 Geda?chtniswesen & Bildparasiten. Die Vera?ußerung von Erinnerungsvermo?gen 325 Visuelle Popula?rbilder und Selbstbilder der Wissenschaft 341 Zwischen Fakt und Fiktion - Stereotypen von Wissenschaftlern in Spielfilmen 373 Frankenstein in Entenhausen? 387 Unvergesslich? Science-Fiction und die Zukunft der Erinnerung 407 Der selbstreferenzielle Wissenschaftler - Erza?hlung, Medien und Metamorphose in David Cronenbergs Die Fliege 427 Autorinnen und Autoren 453 Backmatter 460 330 $aPopuläre Bilder von Wissenschaft werden von Druck- und elektronischen Medien verbreitet. Sie gehören zum Alltagswissen. Wo kommen sie her und wie werden sie gemacht? Gibt es Beziehungen zwischen den Bildern, die in den Wissenschaften produziert werden, und dem Bild, das sich die Öffentlichkeit von Wissenschaft macht? Wenn ja, wie lassen sich diese Beziehungen beschreiben?Der Band untersucht den Zusammenhang zwischen Bildern in der Wissenschaft und von der Wissenschaft vom 19. Jahrhundert bis in die Gegenwart: Bilder vom Frosch im Laborexperiment bis zu den Phantasiewelten der Nanotechnologie, denen im Spielfilm und anderen populären Medien die Bilder des ?mad scientist? wie Frankenstein und Dr. Caligari, aber auch des Fortschritts im Hochtechnologielabor gegenüberstehen. Die Beiträge bieten vielfältige Perspektiven auf das Problem, wie Bilder als Medium die ?Innenwelt? der Wissenschaft mit der ?Außenwelt? eines Laienpublikums verbinden. 330 1 $a»Die allgemeinen Überlegungen zu Beginn des Buches [harmonieren] sehr gut mit den interessanten und unterhaltsamen Einzelfallanalysen, die im Anschluss daran präsentiert werden.« 330 1 $a»Der Band [kann] für sich beanspruchen, vielfältige weiterführende Fragestellungen anzuregen und einzelnen Fachdisziplinen kreative Irritationen aus anderen Disziplinen liefern zu können, nicht zuletzt aufgrund einer umfassenden Berücksichtigung bisheriger Ergebnisse eines kaum mehr zu überschauenden Forschungsfeldes.« 330 1 $aBesprochen in:Frankfurter Allgemeine Zeitung, 30.04.2009, Manuela Lenzenwww.timm.starl.at, 30.06.2009, Timm StarlXING, 18 (2010), Peter Weingart 330 1 $a»Bernd Hüppauf zeigt exemplarisch für den Frosch, das beliebteste Labortier vor der Karriere der Maus, wie sich Darstellungen verändern: Vom mythologisch aufgeladenen über das bis zur Unkenntlichkeit zerlegte, in Apparate eingespannte Tier bis hin zum Objekt der Sorge der Umweltschützer.« 410 0$aScience Studies 517 2 $aHüppauf/Weingart (Hg.), Frosch$eBilder als Medium der Popularisierung von Wissenschaft 606 $aWissenschaftsgeschichte 606 $aHistory of Science 606 $aSociology of Science 606 $aWissenschaftssoziologie 606 $aKulturtheorie 606 $aCultural Theory 606 $aBildtheorie 606 $aScience 606 $aPopularisierung 606 $aImage 606 $aWissenschaft 606 $aVisual Studies 606 $aBild 606 $aSociology 606 $aBildwissenschaft 606 $aSoziologie 615 4$aWissenschaftsgeschichte 615 4$aHistory of Science 615 4$aSociology of Science 615 4$aWissenschaftssoziologie 615 4$aKulturtheorie 615 4$aCultural Theory 615 4$aBildtheorie 615 4$aScience 615 4$aPopularisierung 615 4$aImage 615 4$aWissenschaft 615 4$aVisual Studies 615 4$aBild 615 4$aSociology 615 4$aBildwissenschaft 615 4$aSoziologie 686 $aAP 14800$2rvk 702 $aHüppauf$b Bernd$p
Bernd Hüppauf, New York University, USA
$4edt 702 $aWeingart$b Peter$pPeter Weingart, Bielefeld University, Germany
$4edt 801 0$bDE-B1597 801 1$bDE-B1597 906 $aBOOK 912 $a9910372821903321 996 $aFrosch und Frankenstein$94294593 997 $aUNINA